Universal Classic Monster Movies - Statistics

General Stats
  • This quiz has been taken 57 times
  • The average score is 17 of 30
Answer Stats
answers % Correct
Frankenstein
100%
Dracula
98%
The Mummy
93%
The Bride of Frankenstein
82%
The Wolf Man
82%
The Invisible Man
80%
Creature from the Black Lagoon
76%
Phantom of the Opera
67%
The Phantom of the Opera
67%
Dracula's Daughter
56%
Son of Dracula
56%
Son of Frankenstein
56%
Abbott and Costello Meet Frankenstein
53%
The House of Frankenstein
53%
The Invisible Woman
53%
Frankenstein Meets the Wolf Man
51%
House of Dracula
49%
Revenge of the Creature
49%
The Ghost of Frankenstein
49%
The Mummy's Curse
47%
Abbott and Costello Meet the Mummy
44%
The Mummy's Hand
44%
Abbott and Costello Meet the Invisible Man
42%
The Creature Walks Among Us
42%
The Invisible Man Returns
42%
The Mummy's Tomb
42%
Werewolf of London
42%
Invisible Agent
38%
The Invisible Man's Revenge
36%
The Mummy's Ghost
33%
No matching quizzes found
Score Distribution
Percent of People with Each Score
Percentile by Number Answered
Your Score History
You have not taken this quiz